赤字83線の起点・終点駅 - Statistics

General Stats
  • This quiz has been taken 36 times
  • The average score is 96 of 174
Answer Stats
路線名 駅名 % Correct
江差線 木古内
93%
深名線 深川
93%
名寄
93%
江差
90%
大湊線 野辺地
90%
気仙沼線 気仙沼
90%
烏山
90%
弥彦線 東三条
90%
名松線 松阪
90%
札沼線 新十津川
86%
石狩沼田
86%
瀬棚
86%
大湊
86%
久慈
86%
鳥羽
86%
伊勢奥津
86%
倉吉線 倉吉
86%
三江北線 江津
86%
岩内
83%
興浜南線 興部
83%
網走
83%
会津線 西若松
83%
黒石
83%
烏山線 宝積寺
83%
只見線 小出
83%
明知線 恵那
83%
越美南線 美濃太田
83%
宇品線 広島
83%
三江南線 三次
83%
大社
83%
三木
83%
若桜
83%
小松島
83%
鳴門
83%
牟岐
83%
枕崎
83%
白糠線 白糠
79%
只見
79%
明知
79%
北濃
79%
可部線 可部
79%
篠山線 篠山口
79%
能登線 穴水
79%
佐賀線 佐賀
79%
興浜北線 浜頓別
76%
阿仁合線 鷹ノ巣
76%
長井線 赤湯
76%
矢島線 羽後本荘
76%
真岡線 下館
76%
茂木
76%
信楽線 貴生川
76%
信楽
76%
大社線 出雲市
76%
若桜線 郡家
76%
高森
76%
| 古江線 志布志
76%
日中線 喜多方
72%
参宮線 伊勢市
72%
北条線 粟生
72%
北条町
72%
添田
72%
木原線 大原
69%
鍛冶屋
69%
香椎線 香椎
69%
湯前線 人吉
69%
湯前
69%
北見相生
66%
根北線 斜里
66%
中標津
66%
美幸線 美深
66%
八戸線
66%
上総中野
66%
岩日線 川西
66%
錦町
66%
宇和島線 北宇和島
66%
中村線 窪川
66%
指宿枕崎線 山川
66%
相生線 美幌
62%
大畑
62%
三木線 厄神
62%
鳴門線 池谷
62%
日南線 南宮崎
62%
標津線 標茶
59%
渚滑線 渚滑
59%
湧網線 中湧別
59%
大畑線 下北
59%
黒石線 川部
59%
蛸島
59%
鍛冶屋原
59%
北見枝幸
55%
厚床
55%
牟岐線 阿南
55%
日ノ影
55%
岩内線 小沢
52%
雄武
52%
根室標津
52%
富内線 鵡川
52%
三国港
52%
宇美
52%
香月
52%
世知原
52%
細島
52%
日高町
48%
荒砥
48%
大白川
48%
鍛冶屋原線 板野
48%
臼ノ浦
48%
高森線 立野
48%
日ノ影線 延岡
48%
宮之城線 川内
48%
魚沼線 来迎寺
45%
加計
45%
江川崎
45%
筑前勝田
45%
北見滝ノ上
41%
瀬棚線 国縫
41%
勝田線 吉塚
41%
瀬高
41%
妻線 佐土原
41%
室木
41%
仁宇布
38%
西小千谷
38%
鍛冶屋線 野村
38%
内子線 五郎
38%
薩摩大口
38%
山野線 水俣
38%
羽後矢島
34%
赤谷線 新発田
34%
新谷
34%
小松島線 中田
34%
土佐佐賀
34%
香月線 中間
34%
細島線 日向市
34%
比立内
31%
熱塩
31%
東赤谷
31%
越後長沢
31%
浜原
31%
口羽
31%
臼ノ浦線 佐々
31%
唐津線 山本
31%
岩代川俣
28%
山守
28%
三国線 金津
28%
矢部線 羽犬塚
28%
栗野
28%
越川
24%
上茶路
24%
川俣線 松川
24%
幸袋
24%
添田線 香春
24%
室木線 遠賀川
24%
小本線 茂市
21%
本吉
21%
福住
21%
杉安
21%
南気仙沼
17%
気仙沼港
17%
越美北線 南福井
17%
勝原
17%
黒木
17%
幸袋線 小竹
14%
宮原線 恵良
14%
肥後小国
14%
岸嶽
10%
世知原線 肥前吉井
10%
会津滝ノ原
7%
会津宮下
7%
浅内
7%
二瀬
7%
海潟
7%
上大河
3%
伊岐須
3%
No matching quizzes found
Score Distribution
Percent of People with Each Score
Percentile by Number Answered
Your Score History
You have not taken this quiz